000 00937nam a22002417a 4500
005 20260319064218.0
008 141024b2007 ag ||||| |||| 00| 0 spa d
020 _a9789875802285
040 _aAR-MoUNM
082 0 _220
_aAR861.5
_bECH 18
100 1 _96210
_aEcheverría, Esteban.
245 1 3 _aLa cautiva ; El matadero /
_cEsteban Echeverría.
260 _aBuenos Aires :
_bBooket,
_cc2007.
300 _a153 p. ;
_c19 cm.
490 0 _a(Clásicos argentinos)
505 0 _aLa cautiva: Primera parte: El desierto.-- Segunda parte: El festín.-- Tercera parte: El puñal.-- Cuarta parte: La alborada.-- Quinta parte: El pajonal.-- Sexta parte: La espera.-- Séptima parte: La quemazón.--Octava parte: Brian.--Novena parte: María.
505 0 _aEl matadero
650 7 _aLITERATURA
_zARGENTINA
_2unescot
_91913
650 7 _aPOESIA
_2unescot
_9704
650 7 _2unescot
_aNOVELA
_9608
773 _z9789502317977
942 _cLIBRO
999 _c17425
_d17426